Best-ever salads : The definitive cook's collection : 200 mouthwatering step-bystep recxipes

Bibliographic Details
Format: Book
Published: London : Lorenz Books , 1999
Subjects:

MARC

LEADER 00000cam a2200000 7i4500
001 0000060321
005 20020821.0
020 |a 1859679196 
090 0 0 |a 641.83   |b BES 
245 0 0 |a Best-ever salads :   |b The definitive cook's collection : 200 mouthwatering step-bystep recxipes 
260 |a London :   |b Lorenz Books ,   |c 1999 
300 |a 256p. ;   |c 32cm. 
650 0 0 |a Salads 
999 |a 125372   |b BUKU   |c RUJUKAN   |e PERPUSTAKAAN KOMUNITI PETALING JAYA